|
|
|
|
| LEADER |
00000cam a2200000 7i4500 |
| 001 |
0000000736 |
| 005 |
20011210.0 |
| 020 |
0 |
0 |
|a 983968115X
|
| 090 |
0 |
0 |
|a 333.7816
|b DAV 1995
|
| 100 |
1 |
0 |
|a DAVISON
|h G.W.H.
|
| 245 |
1 |
0 |
|a Belum :
|b A rainforest in Malaysia
|c [by G.W.H. Davison]
|
| 260 |
0 |
0 |
|a Kuala Lumpur :
|b Malaysian Nature Society ,
|c 1995
|
| 300 |
|
|
|a 200 p. :
|b col. ill. ;
|c 27 cm.
|
| 500 |
0 |
0 |
|a Includes index
|
| 650 |
0 |
0 |
|a Biological diversity conservation
|z Perak
|z Belum
|
| 650 |
0 |
0 |
|a Natural resources
|z Perak
|z Belum
|
| 650 |
0 |
0 |
|a Rain forest ecology
|z Perak
|z Belum
|
| 650 |
0 |
0 |
|a Rain forests
|z Perak
|z Belum
|
| 710 |
1 |
1 |
|a Persatuan Pencinta Alam
|
| 998 |
|
|
|a JPSM
|
| 999 |
|
|
|a 0000000531
|b Monograph
|c Open Shelf
|e Default branch
|
| 999 |
|
|
|a 0000000532
|b Monograph
|c Open Shelf
|e Default branch
|
| 999 |
|
|
|a 0000000533
|b Monograph
|c Open Shelf
|e Default branch
|
| 999 |
|
|
|a 0000000535
|b Monograph
|c Reference
|e Default branch
|